[Event "Mechanics' Fall TNM; 30/90, SD/30"]
[Site "San Francisco"]
[Date "2010.11.16"]
[Round "5.4"]
[White "Margulis, Igor"]
[Black "Klinetobe, David"]
[Result "0-1"]
[WhiteElo "2100"]
[BlackElo "2010"]
[PlyCount "96"]
[EventDate "2010.??.??"]

1. e4 e6 2. Nc3 d5 3. Nf3 Nf6 4. e5 Nfd7 5. d4 a6 6. Ne2 c5 7. c3 Nc6 8. Nf4
cxd4 9. cxd4 Qb6 10. a3 a5 11. Be2 Be7 12. h4 Nf8 13. h5 h6 14. Rh3 Nh7 15. Qa4
Ng5 16. Rg3 Nxf3+ 17. Rxf3 Qxd4 18. Qxd4 Nxd4 19. Rc3 Bd7 20. Be3 Nc6 21. Rb3
d4 22. Bd2 Nxe5 23. Rxb7 Bc6 24. Bb5 Bxb5 25. Rxb5 Nc4 26. Rd1 Nxd2 27. Kxd2
Bg5 28. g3 O-O 29. Kd3 Bxf4 30. gxf4 Rfb8 31. Rxb8+ Rxb8 32. Rd2 Rb5 33. Kc4
Rxh5 34. Rxd4 Rh2 35. Rd8+ (35. b4 $1 axb4 36. axb4 Rxf2 37. b5) 35... Kh7 36.
Rd2 Rh4 37. Rd4 $2 (37. b4 $1) 37... e5 $1 38. fxe5 Rxd4+ 39. Kxd4 a4 40. Ke4
g5 41. Kf5 Kg7 42. f3 f6 43. exf6+ Kf7 44. Ke5 h5 45. Kf5 h4 46. f4 h3 47. fxg5
h2 48. g6+ Ke8 0-1

[Event "Mechanics' Fall TNM; 30/90, SD/30"]
[Site "San Francisco"]
[Date "2010.11.30"]
[Round "7.6"]
[White "Margulis, Igor"]
[Black "Newey, Richard"]
[Result "1/2-1/2"]
[WhiteElo "2100"]
[BlackElo "1744"]
[PlyCount "96"]
[EventDate "2010.??.??"]

1. e4 c5 2. Nf3 e6 3. c4 d6 4. d4 cxd4 5. Nxd4 Nf6 6. Nc3 Nc6 7. g3 Be7 8. Bg2
O-O 9. O-O a6 10. b3 Bd7 11. Bb2 Nxd4 12. Qxd4 Bc6 13. Rfd1 Qc7 14. Rac1 Rfd8
15. Nd5 Bxd5 16. cxd5 Qd7 17. dxe6 fxe6 18. Qb6 Ne8 19. Bh3 Rac8 20. e5 Rxc1
21. Bxc1 Rc8 22. exd6 Rc6 23. Qe3 Rxd6 24. Re1 Nc7 25. Bb2 Rd1 26. Bg4 Rxe1+
27. Qxe1 Kf7 28. Qe4 Nd5 29. Qxh7 Nf6 30. Bh5+ Nxh5 31. Qxh5+ Kg8 32. Qg4 Bf8
33. Qd4 Qc6 34. Qc4 Qd6 35. Kg2 b5 36. Qe4 Qd7 37. h4 Kf7 38. Kh2 Qd2 39. Qd4
Qa5 40. Qd7+ Be7 41. Be5 Qxa2 42. Bd4 Qa3 43. Be3 Qb4 44. Qd1 Qd6 45. Qf3+ Bf6
46. Qb7+ Be7 47. Qf3+ Bf6 48. Qb7+ Be7 1/2-1/2

[Event "Mechanics' Fall TNM; 30/90, SD/30"]
[Site "San Francisco"]
[Date "2010.11.16"]
[Round "5.23"]
[White "Milliken, William"]
[Black "Starr, Albert"]
[Result "1-0"]
[WhiteElo "1681"]
[BlackElo "1494"]
[PlyCount "35"]
[EventDate "2010.??.??"]

1. e4 e5 2. Nf3 Nf6 3. Bc4 Nxe4 4. Nc3 Nxc3 5. dxc3 d6 $2 (5... f6) 6. Nxe5 $6
(6. Ng5 $1) 6... dxe5 (6... Qe7 $1) 7. Bxf7+ Kxf7 8. Qxd8 Na6 9. O-O b6 10.
Qd5+ Kg6 11. Qxa8 Bd6 12. f4 Nc5 13. fxe5 Bxe5 14. Bf4 Bxf4 15. Rxf4 Re8 16.
Qf3 h6 17. b4 Ne6 18. Qe4+ 1-0

[Event "Mechanics' Fall TNM; 30/90, SD/30"]
[Site "San Francisco"]
[Date "2010.11.03"]
[Round "3.18"]
[White "Montoya, Daniel"]
[Black "Chernobilskiy, Mikhail"]
[Result "0-1"]
[WhiteElo "1483"]
[BlackElo "1842"]
[PlyCount "38"]
[EventDate "2010.??.??"]

1. e4 e5 2. Nf3 Nc6 3. d4 exd4 4. Nxd4 Qf6 5. Nxc6 Bc5 6. Qd2 Qxc6 7. Nc3 Nf6
8. Bd3 O-O 9. O-O Re8 10. Qf4 Bd6 11. Qh4 Be5 12. f4 Bxc3 13. bxc3 Nxe4 14. Rb1
d5 15. Bb2 Bd7 16. Kh1 Re6 17. f5 Rh6 18. Qg4 Qd6 19. g3 Nxg3+ 0-1

[Event "Mechanics' Fall TNM; 30/90, SD/30"]
[Site "San Francisco"]
[Date "2010.11.30"]
[Round "7.24"]
[White "Montoya, Daniel"]
[Black "Olson, David"]
[Result "1-0"]
[WhiteElo "1483"]
[BlackElo "1406"]
[PlyCount "41"]
[EventDate "2010.??.??"]

1. e4 e5 2. Nf3 Nc6 3. d4 exd4 4. Nxd4 Nxd4 5. Qxd4 c5 6. Qd1 Ne7 7. Bg5 Qa5+
8. Nc3 d5 9. Bb5+ Nc6 10. exd5 f6 11. dxc6 bxc6 12. Bxc6+ Kf7 13. Qd5+ Be6 14.
Qf3 Rd8 15. O-O h6 16. Be3 Be7 17. Qh5+ g6 18. Qf3 c4 19. Rad1 Rc8 20. Bd5 Qa6
21. Bb7 1-0

[Event "Mechanics' Fall TNM; 30/90, SD/30"]
[Site "San Francisco"]
[Date "2010.11.09"]
[Round "4.20"]
[White "Montoya, Daniel"]
[Black "Salvo, Tab"]
[Result "1/2-1/2"]
[WhiteElo "1483"]
[BlackElo "1762"]
[PlyCount "58"]
[EventDate "2010.??.??"]

1. e4 c5 2. d4 cxd4 3. c3 dxc3 4. Nxc3 d6 5. Nf3 e6 6. Bc4 a6 7. O-O Be7 8. Qe2
Nc6 9. Rd1 Qc7 10. Bf4 Nf6 11. Rac1 O-O 12. Bb3 Nh5 13. Be3 b5 14. Nd5 Qb7 15.
Rxc6 exd5 16. Rdc1 Bd8 17. Bxd5 Qd7 18. Rxd6 Qxd6 19. Bxa8 Bb6 20. Bxb6 Qxb6
21. Bd5 Nf4 22. Qd2 Ng6 23. Qd4 Qb8 24. Qc5 Qf4 25. Qc7 Bg4 26. Qxf4 Nxf4 27.
Rc6 Bd7 28. Rc7 Nxd5 29. Rxd7 Nf6 1/2-1/2

[Event "Mechanics' Fall TNM; 30/90, SD/30"]
[Site "San Francisco"]
[Date "2010.10.20"]
[Round "1.20"]
[White "Montoya, Daniel"]
[Black "Shnaiderman, Lazar"]
[Result "0-1"]
[WhiteElo "1483"]
[BlackElo "1862"]
[PlyCount "54"]
[EventDate "2010.??.??"]

1. e4 c5 2. d4 cxd4 3. c3 g6 4. Nf3 Bg7 5. cxd4 (5. Bc4) 5... d5 6. e5 Bg4 7.
Nc3 Nc6 8. Be2 Bxf3 9. Bxf3 e6 10. Be3 f6 11. exf6 Nxf6 12. O-O O-O 13. Qd2 Qb6
14. Na4 Qa5 15. Nc3 Rac8 16. Rad1 Qb4 17. h4 Na5 18. Bh6 Nc4 19. Qg5 Nxb2 20.
Bxg7 Kxg7 21. Rde1 Qxc3 22. Rxe6 Qxd4 23. Re7+ Rf7 24. Rfe1 Rcf8 25. h5 Nd3 26.
hxg6 hxg6 27. R1e6 Qxf2+ 0-1

[Event "Mechanics' Fall TNM; 30/90, SD/30"]
[Site "San Francisco"]
[Date "2010.12.07"]
[Round "8.19"]
[White "Montoya, Daniel"]
[Black "Somerville, Kenneth"]
[Result "0-1"]
[WhiteElo "1483"]
[BlackElo "1698"]
[PlyCount "48"]
[EventDate "2010.??.??"]

1. e4 e6 2. Nf3 d5 3. e5 c5 4. b4 cxb4 5. d4 Nc6 6. a3 Nge7 7. axb4 Nxb4 8. c3
Nbc6 9. Bd3 Ng6 10. Ng5 Be7 11. Qh5 Bxg5 12. Bxg5 Qc7 13. O-O a6 14. Na3 O-O
15. Nb5 axb5 16. Rxa8 Na5 17. Ra1 b6 18. Bxb5 Qb7 19. Rxc8 Rxc8 20. Qf3 Nc4 21.
Ba6 Ra8 22. Bxc4 Rxa1+ 23. Bf1 Qa6 24. g3 Qxf1# 0-1

[Event "Mechanics' Fall TNM; 30/90, SD/30"]
[Site "San Francisco"]
[Date "2010.11.03"]
[Round "3.25"]
[White "Morgan, Jerry"]
[Black "Barrow, Lyle"]
[Result "1-0"]
[WhiteElo "1478"]
[BlackElo "1503"]
[PlyCount "63"]
[EventDate "2010.??.??"]

1. f4 d5 2. Nf3 Nf6 3. e3 c5 4. Be2 a6 5. O-O Nc6 6. d3 e6 7. Nc3 Be7 8. e4 d4
9. Nb1 O-O 10. a4 a5 11. Na3 Bd7 12. Nc4 Qc7 13. Nfe5 Nxe5 14. fxe5 Ne8 15. Bf4
Bxa4 16. b3 Bb5 17. Qe1 Bxc4 18. bxc4 b6 19. Qg3 Qd8 20. Bh6 Bh4 21. Qg4 f5 22.
exf6 Bxf6 23. Qxe6+ Kh8 24. Bf4 Ra7 25. Rf3 Be7 26. Qh3 Rg8 27. Qh5 g6 28. Qd5
Qxd5 29. cxd5 Kg7 30. e5 Rb7 31. d6 Bf8 32. e6 1-0

[Event "Mechanics' Fall TNM; 30/90, SD/30"]
[Site "San Francisco"]
[Date "2010.12.07"]
[Round "8.20"]
[White "Morgan, Jerry"]
[Black "Harris, John"]
[Result "0-1"]
[WhiteElo "1478"]
[BlackElo "1596"]
[PlyCount "36"]
[EventDate "2010.??.??"]

1. f4 d5 2. Nf3 Nf6 3. e3 b6 4. c3 Bb7 5. d4 e6 6. Bd3 Nbd7 7. Ne5 c6 8. Nd2
Nxe5 9. fxe5 Nd7 10. O-O f5 11. exf6 Nxf6 12. Nf3 Bd6 13. Ng5 Qe7 14. e4 dxe4
15. Nxe4 Nxe4 16. Bxe4 Bxh2+ 17. Kh1 Qh4 18. Qf3 Bg3+ 0-1

[Event "Mechanics' Fall TNM; 30/90, SD/30"]
[Site "San Francisco"]
[Date "2010.11.16"]
[Round "5.25"]
[White "Morgan, Jerry"]
[Black "Hilliard, Michael"]
[Result "1-0"]
[WhiteElo "1478"]
[BlackElo "1543"]
[PlyCount "87"]
[EventDate "2010.??.??"]

1. f4 d5 2. Nf3 Nc6 3. e3 Bg4 4. d4 e6 5. Be2 Nh6 6. O-O Be7 7. Ne5 Bxe2 8.
Qxe2 Qd6 9. c3 O-O-O 10. Na3 a6 11. Nc2 f6 12. Nd3 g5 13. Nc5 e5 14. f5 g4 15.
g3 e4 16. b4 Nb8 17. b5 a5 18. Ba3 Rde8 19. Nxb7 Qb6 20. Nc5 Nd7 21. Ne6 Bxa3
22. Nxa3 Rhg8 23. c4 c6 24. c5 Qb7 25. b6 Nb8 26. Rab1 Na6 27. Nc2 Kd7 28. Qd2
Nxf5 29. Rxf5 Kxe6 30. Rbf1 Rg6 31. Qxa5 Nb8 32. a4 Nd7 33. Qc3 Ra8 34. Qb3
Rgg8 35. Rh5 Rh8 36. Qb4 h6 37. a5 Raf8 38. Qa4 Nb8 39. Nb4 Na6 40. Nxa6 Qxa6
41. Qxc6+ Ke7 42. Qd6+ Ke8 43. c6 Qxa5 44. Qd7# 1-0

[Event "Mechanics' Fall TNM; 30/90, SD/30"]
[Site "San Francisco"]
[Date "2010.10.26"]
[Round "2.21"]
[White "Morgan, Jerry"]
[Black "MacIntyre, Brendan"]
[Result "0-1"]
[WhiteElo "1478"]
[BlackElo "1676"]
[PlyCount "98"]
[EventDate "2010.??.??"]

1. f4 Nf6 2. Nf3 b6 3. d3 Bb7 4. c3 e6 5. e4 Be7 6. Qc2 c5 7. Be3 Nc6 8. Nbd2
Rc8 9. O-O-O Qc7 10. h3 Nh5 11. e5 d6 12. g4 Ng3 13. Rg1 Nxf1 14. Rdxf1 dxe5
15. Ng5 Bxg5 16. fxg5 Ne7 17. Nc4 Nd5 18. Qf2 O-O 19. h4 Ba6 20. h5 Bxc4 21.
dxc4 Nf4 22. Bxf4 exf4 23. Qxf4 Qxf4+ 24. Rxf4 Rcd8 25. Rd1 Rfe8 26. Re4 Kf8
27. Kc2 Ke7 28. Ree1 h6 29. Rd5 hxg5 30. Rxg5 Kf6 31. Rge5 Rd6 32. g5+ Ke7 33.
h6 gxh6 34. gxh6 Rh8 35. Rh5 Kf6 36. Rg1 Rdd8 37. h7 e5 38. Rh6+ Ke7 39. Rd1
Rxd1 40. Kxd1 f6 41. Ke2 Kf7 42. Ke3 Kg7 43. Rh2 Rxh7 44. Rxh7+ Kxh7 45. Ke4
Kg6 46. b4 Kg5 47. bxc5 bxc5 48. a3 f5+ 49. Kxe5 f4 0-1

[Event "Mechanics' Fall TNM; 30/90, SD/30"]
[Site "San Francisco"]
[Date "2010.12.14"]
[Round "9.20"]
[White "Morgan, Jerry"]
[Black "Starr, Albert"]
[Result "1-0"]
[WhiteElo "1478"]
[BlackElo "1494"]
[PlyCount "101"]
[EventDate "2010.??.??"]

1. f4 b5 2. e4 Bb7 3. d3 e6 4. Nf3 d6 5. c3 c5 6. Qc2 Nd7 7. Be3 Ngf6 8. Nbd2
Be7 9. Be2 O-O 10. O-O-O a5 11. Ng5 h6 12. Nh3 a4 13. g4 Nh7 14. Rhg1 f5 15. g5
hxg5 16. fxg5 g6 17. Nf4 Kf7 18. h4 e5 19. Nd5 Bxd5 20. exd5 f4 21. Rgf1 Ke8
22. Bg1 Rh8 23. Bg4 Nhf8 24. Nf3 Nb6 25. c4 b4 26. Qe2 Ra5 27. Qe4 Rg8 28. h5
Bxg5 29. hxg6 Nxg6 30. Bh5 Qf6 31. Bf2 Kd8 32. Rh1 Ra7 33. Rdg1 Ne7 34. Bg4 Qg6
35. Qxg6 Rxg6 36. Rh7 Nbc8 37. Bxc8 Nxc8 38. Rxa7 Nxa7 39. Rxg5 Rh6 40. Nh4 Nc8
41. Rg6 Rh5 42. Kd2 Ne7 43. Rxd6+ Ke8 44. Ra6 Rg5 45. Ra8+ Kf7 46. Ra7 Kf6 47.
Bxc5 Nc8 48. Ra6+ Kf7 49. d6 e4 50. d7 e3+ 51. Ke2 1-0

[Event "Mechanics' Fall TNM; 30/90, SD/30"]
[Site "San Francisco"]
[Date "2010.11.30"]
[Round "7.20"]
[White "Nelson, Christopher"]
[Black "Chalissery, Jossy"]
[Result "0-1"]
[WhiteElo "1544"]
[BlackElo "1698"]
[PlyCount "42"]
[EventDate "2010.??.??"]

1. d4 b6 2. e4 Bb7 3. Nc3 e6 4. Nf3 Bb4 5. Bd3 c5 6. O-O cxd4 7. Nxd4 Ne7 8.
Qg4 O-O 9. Ncb5 Ng6 10. Qg3 Nc6 11. a3 Be7 12. Be3 Nce5 13. Nf3 Bf6 14. Bd4
Nxf3+ 15. Qxf3 Bxd4 16. Nxd4 Qg5 17. g3 f5 18. Qe2 f4 19. Nf3 Qg4 20. Kg2 fxg3
21. h3 Nf4+ 0-1

[Event "Mechanics' Fall TNM; 30/90, SD/30"]
[Site "San Francisco"]
[Date "2010.10.26"]
[Round "2.13"]
[White "Nelson, Christopher"]
[Black "Goins, Demetrius"]
[Result "0-1"]
[WhiteElo "1544"]
[BlackElo "2035"]
[PlyCount "72"]
[EventDate "2010.??.??"]

1. d4 d5 2. Nf3 Nf6 3. Bg5 Ne4 4. Bf4 Bf5 5. Nbd2 e6 6. e3 Bd6 7. Bxd6 Qxd6 8.
Bd3 Nd7 9. Nh4 Qb4 10. Nxf5 exf5 11. f3 Nd6 12. Qc1 O-O 13. c3 Qb6 14. Qc2 Nf6
15. O-O Rfe8 16. Rfe1 Re7 17. b4 g6 18. Nb3 Rae8 19. Qf2 Qc6 20. Rac1 b6 21.
Rc2 Kg7 22. Nd2 f4 23. Nf1 Re6 24. g4 R8e7 25. g5 Nh5 26. Rcc1 Qe8 27. e4 dxe4
28. fxe4 Nxe4 29. Bxe4 Rxe4 30. Rxe4 Rxe4 31. Rc2 Qe6 32. Qg2 Re1 33. Kf2 Ra1
34. Kf3 Qc4 35. Qe2 Rxf1+ 36. Kg2 f3+ 0-1

[Event "Mechanics' Fall TNM; 30/90, SD/30"]
[Site "San Francisco"]
[Date "2010.11.16"]
[Round "5.19"]
[White "Nelson, Christopher"]
[Black "Krasnov, Steven"]
[Result "0-1"]
[WhiteElo "1544"]
[BlackElo "1926"]
[PlyCount "46"]
[EventDate "2010.??.??"]

1. d4 Nf6 2. Nf3 e6 3. Bg5 c5 4. e3 Qb6 5. Nbd2 Qxb2 6. Bd3 Nc6 7. O-O cxd4 8.
Nc4 Qc3 9. Rb1 Na5 10. Nxa5 Qxa5 11. Bxf6 gxf6 12. exd4 b6 13. Nd2 Bb7 14. Ne4
f5 15. Nf6+ Ke7 16. Qh5 Bg7 (16... Kxf6 17. Qh4+ Kg6 18. Qg4+ Kh6 19. Qh4+ $11)
17. Nxh7 (17. Nxd7 $1 Kxd7 18. Qxf7+) (17. Ng4 $1 fxg4 18. Qxa5 bxa5 19. Rxb7)
17... Rag8 18. Rfe1 Qd5 19. Qh4+ Ke8 20. Qh3 Rxh7 21. Rxe6+ fxe6 22. Qg3 Kf7
23. Rb5 Qxg2+ 0-1

[Event "Mechanics' Fall TNM; 30/90, SD/30"]
[Site "San Francisco"]
[Date "2010.10.26"]
[Round "2.14"]
[White "Newey, Richard"]
[Black "Bertot, German"]
[Result "0-1"]
[WhiteElo "1744"]
[BlackElo "1540"]
[PlyCount "44"]
[EventDate "2010.??.??"]

1. e4 e5 2. Nf3 Nc6 3. Bc4 Bc5 4. c3 Nf6 5. d4 exd4 6. cxd4 Bb4+ 7. Bd2 Bxd2+
8. Nbxd2 d6 9. O-O O-O 10. Re1 d5 11. Bb3 Be6 12. e5 Ng4 13. h3 Nh6 14. g4 Kh8
15. Nf1 Ng8 16. Kh2 f6 17. Re2 fxe5 18. Nxe5 Qh4 19. Qd2 Nxe5 20. dxe5 Bxg4 21.
Kg2 Bf3+ 22. Kg1 Qxh3 0-1

[Event "Mechanics' Fall TNM; 30/90, SD/30"]
[Site "San Francisco"]
[Date "2010.11.09"]
[Round "4.14"]
[White "Newey, Richard"]
[Black "Khristoforov, Sergey"]
[Result "1-0"]
[WhiteElo "1744"]
[BlackElo "2167"]
[PlyCount "91"]
[EventDate "2010.??.??"]

1. e4 c6 2. d4 d5 3. e5 Bf5 4. Nf3 e6 5. Be2 c5 6. O-O Nc6 7. c3 c4 8. Bg5 Nge7
9. Nh4 Bg6 10. Nxg6 hxg6 11. Nd2 b5 12. Nf3 Qa5 13. b3 Qb6 14. bxc4 dxc4 15.
Nd2 Nd5 16. Ne4 Rc8 17. Rb1 Nb8 18. Bf3 Nd7 19. Re1 f5 20. exf6 gxf6 21. Bd2
Kf7 22. Qe2 b4 23. Rb2 bxc3 24. Rxb6 cxd2 25. Ng5+ Kg7 26. Nxe6+ Kh7 27. Nxf8+
Rhxf8 28. Rb7 dxe1=Q+ 29. Qxe1 N5b6 30. Qe7+ Kh6 31. Qe3+ g5 32. h4 Rfe8 33.
hxg5+ fxg5 34. Qc3 a5 35. d5 Rb8 36. d6 Rxb7 37. Bxb7 Ne5 38. Qh3+ Kg7 39. Qh5
Nf7 40. d7 Nxd7 41. Bd5 Re1+ 42. Kh2 c3 43. Qxf7+ Kh6 44. Qf5 Ne5 45. Qh3+ Kg6
46. Qxc3 1-0

[Event "Mechanics' Fall TNM; 30/90, SD/30"]
[Site "San Francisco"]
[Date "2010.11.23"]
[Round "6.10"]
[White "Newey, Richard"]
[Black "Todortsev, Victor"]
[Result "1-0"]
[WhiteElo "1744"]
[BlackElo "1922"]
[PlyCount "61"]
[EventDate "2010.??.??"]

1. e4 e5 2. Nf3 Nc6 3. Bc4 Nf6 4. Ng5 d5 5. exd5 Na5 6. Bb5+ c6 7. dxc6 bxc6 8.
Be2 h6 9. Nh3 Bd6 10. d3 O-O 11. Nc3 Bf5 12. Ng1 e4 13. dxe4 Nxe4 14. Nxe4 Bxe4
15. Nf3 Qc7 16. Be3 Rab8 17. Qc1 c5 18. h3 Nc6 19. c3 f5 20. Bxh6 Bxf3 21. gxf3
Kh7 22. Bg5 Rfe8 23. Qc2 Ne5 24. O-O-O c4 25. Qxf5+ g6 26. Qc2 Rb6 27. h4 Reb8
28. h5 Rxb2 29. hxg6+ Kg8 30. Qe4 Qa5 31. Bxc4+ 1-0

[Event "Mechanics' Fall TNM; 30/90, SD/30"]
[Site "San Francisco"]
[Date "2010.12.07"]
[Round "8.12"]
[White "Ochoa, Jason"]
[Black "Banik, Siddharth"]
[Result "1-0"]
[WhiteElo "1900"]
[BlackElo "1753"]
[PlyCount "78"]
[EventDate "2010.??.??"]

1. c4 c5 2. g3 g6 3. Bg2 Bg7 4. Nc3 Nc6 5. e4 d6 6. Nge2 e5 7. O-O Nge7 8. d3
O-O 9. Bg5 f6 10. Be3 f5 11. Qd2 Be6 12. Nd5 Bxd5 13. cxd5 Nb8 14. b4 b6 15.
bxc5 bxc5 16. Rab1 Nd7 17. Rb5 Nb6 18. Rfb1 Qc7 19. f4 Rab8 20. fxe5 Bxe5 21.
d4 Nc4 22. Qd3 Rxb5 23. Rxb5 cxd4 24. Bxd4 Bxd4+ 25. Nxd4 Ne5 26. Qc2 Qd7 27.
Qb1 fxe4 28. Ne6 Rc8 29. Bxe4 Ng4 30. Rb8 a6 31. Rxc8+ Nxc8 32. Bxg6 Qa7+ 33.
Kg2 Ne3+ 34. Kf3 Nxd5 35. Qd3 Ncb6 36. Qf5 Qe7 (36... hxg6 37. Qf8+ Kh7 38.
Ng5#) 37. Bxh7+ Kh8 38. Bg6 Nf6 39. Qh3+ Kg8 {score ends} 1-0

[Event "Mechanics' Fall TNM; 30/90, SD/30"]
[Site "San Francisco"]
[Date "2010.11.09"]
[Round "4.17"]
[White "Ochoa, Jason"]
[Black "Somerville, Kenneth"]
[Result "1-0"]
[WhiteElo "1900"]
[BlackElo "1698"]
[PlyCount "61"]
[EventDate "2010.??.??"]

1. c4 e5 2. g3 Nf6 3. Bg2 c6 4. d4 Bb4+ 5. Bd2 Bd6 6. c5 Bc7 7. dxe5 Bxe5 8.
Nf3 Bxb2 9. Nc3 Bxa1 10. Qxa1 d5 11. cxd6 Qxd6 12. O-O O-O 13. Rd1 Bg4 14. Bf4
Qe6 15. Rd6 Qe7 16. Rxf6 Bxf3 17. Bxf3 Qxf6 18. Be3 Nd7 19. Qc1 Ne5 20. Bg2
Rfd8 21. Ne4 Qe6 22. Ng5 Qd6 23. Qc3 Ng4 24. Qc4 Qd1+ 25. Bf1 Nxe3 26. fxe3 Qd5
27. Qh4 Qf5 28. e4 Qc5+ 29. Kg2 h6 30. Nf3 Rd7 31. g4 {remainder illegible} 1-0

[Event "Mechanics' Fall TNM; 30/90, SD/30"]
[Site "San Francisco"]
[Date "2010.11.23"]
[Round "6.11"]
[White "Ochoa, Jason"]
[Black "Standen, Julian"]
[Result "1-0"]
[WhiteElo "1900"]
[BlackElo "1699"]
[PlyCount "109"]
[EventDate "2010.??.??"]

1. c4 c6 2. g3 Nf6 3. Bg2 d5 4. Nf3 Bg4 5. Ne5 e6 6. O-O Bd6 7. Nxg4 Nxg4 8.
Qa4 Nf6 9. d3 O-O 10. Bg5 h6 11. Be3 a6 12. Nc3 Nbd7 13. Rac1 Rc8 14. Rfd1 Qe7
15. cxd5 cxd5 16. Qb3 Rc7 17. Na4 Rfc8 18. Rxc7 Rxc7 19. Rc1 Qd8 20. Rxc7 Qxc7
21. Nc3 Nc5 22. Bxc5 Bxc5 23. e3 b6 24. Qa4 a5 25. Bf3 Bd6 26. d4 Kf8 27. Qd1
Qc4 28. Kg2 g6 29. Qd2 Bc7 30. Qc1 Qc6 31. Qc2 b5 32. Qd3 b4 33. Ne2 Kg7 34. h4
h5 35. Nf4 Kh6 36. Nh3 Kg7 37. Ng5 Bb6 38. Qb3 Qb5 39. Qc2 Ba7 40. Qc1 Qd7 41.
Qc2 Bb6 42. Qc1 Qd6 43. Qc8 Qc7 44. Qa8 Qa7 45. Qxa7 Bxa7 46. Kf1 Kf8 47. Ke2
Ke7 48. Kd3 Bb6 49. e4 dxe4+ 50. Bxe4 Nxe4 51. Kxe4 f6 52. Nf3 Kd6 53. Nd2 f5+
54. Kd3 Bd8 55. Nc4+ {Both players stopped recording at this point.} 1-0

[Event "Mechanics' Fall TNM; 30/90, SD/30"]
[Site "San Francisco"]
[Date "2010.12.07"]
[Round "8.25"]
[White "Olson, David"]
[Black "Capdeville, Barry"]
[Result "0-1"]
[WhiteElo "1406"]
[BlackElo "1298"]
[PlyCount "70"]
[EventDate "2010.??.??"]

1. e4 c5 2. Nf3 d6 3. d4 cxd4 4. Nxd4 Nf6 5. Bd3 e6 6. O-O Be7 7. Nc3 a6 8. f4
Nc6 9. Be3 O-O 10. Nf3 Qc7 11. Ne2 Ng4 12. Bd2 Qb6+ 13. Kh1 Nf2+ 14. Rxf2 Qxf2
15. Qe1 Qb6 16. Be3 Qc7 17. Qd2 Bd7 18. Rf1 f5 19. Ng5 Bxg5 20. fxg5 fxe4 21.
Rxf8+ Rxf8 22. Bxe4 d5 23. Bd3 Ne5 24. Bf4 Nxd3 25. Bxc7 Rf1+ 26. Ng1 Nf2+ 27.
Qxf2 Rxf2 28. Nf3 Rxc2 29. Be5 Rc1+ 30. Ng1 Re1 31. Bc3 Rd1 32. h3 d4 33. Bb4
e5 34. Kh2 d3 35. Kg3 Rxg1 0-1

[Event "Mechanics' Fall TNM; 30/90, SD/30"]
[Site "San Francisco"]
[Date "2010.11.09"]
[Round "4.22"]
[White "Olson, David"]
[Black "Chamberlain, Ethan"]
[Result "0-1"]
[WhiteElo "1406"]
[BlackElo "1703"]
[PlyCount "90"]
[EventDate "2010.??.??"]

1. e4 c5 2. Nf3 g6 3. Bc4 Bg7 4. Nc3 Nc6 5. Ng5 e6 6. d3 Nf6 7. Nb5 d5 8. exd5
Nxd5 9. Bxd5 exd5 10. Qe2+ Ne7 11. Bf4 Qa5+ 12. c3 Qxb5 13. O-O Qc6 14. Rfe1
Bf6 15. Be5 Bxg5 16. Bxh8 Be6 17. Qe5 Bh6 18. Bf6 Kd7 19. Bh4 Nf5 20. Bf6 Bf8
21. b4 Bd6 22. Qe2 Qc7 23. Be5 Bxe5 24. Qxe5 Qxe5 25. Rxe5 Kd6 26. Ree1 cxb4
27. cxb4 Rc8 28. Rac1 Rxc1 29. Rxc1 b5 30. h3 h5 31. f4 d4 32. Kf2 h4 33. a3 a6
34. Rc5 Ne3 35. Rc1 Bf5 36. a4 Bxd3 37. axb5 axb5 38. Rc8 Kd7 39. Rh8 Nf5 40.
Ra8 Bc4 41. Ra7+ Kd6 42. Kf3 d3 43. Ra6+ Kd5 44. Ra7 Kd4 45. Kf2 d2 0-1

[Event "Mechanics' Fall TNM; 30/90, SD/30"]
[Site "San Francisco"]
[Date "2010.10.20"]
[Round "1.22"]
[White "Olson, David"]
[Black "Leavens, Weston"]
[Result "0-1"]
[WhiteElo "1406"]
[BlackElo "1843"]
[PlyCount "56"]
[EventDate "2010.??.??"]

1. e4 e6 2. Nf3 c5 3. Be2 d5 4. exd5 exd5 5. d4 Nf6 6. O-O Nc6 7. c4 cxd4 8.
Nxd4 Be7 9. Nb5 d4 10. Bf4 O-O 11. Nc7 Rb8 12. Nd5 Bd6 13. Bg5 Be7 14. Nxe7+
Qxe7 15. Nd2 Bf5 16. Re1 Qd6 17. Nf3 Rfe8 18. Bd3 Bg4 19. Bh4 Rxe1+ 20. Qxe1
Re8 21. Qd2 Bxf3 22. gxf3 Qe6 23. Qg5 Ne5 24. Qf5 Qxf5 25. Bxf5 Nxf3+ 26. Kh1
Nxh4 27. Bd3 Nf3 28. Kg2 Ne1+ {0-1 Olson,D-Leavens,W} 0-1

[Event "Mechanics' Fall TNM; 30/90, SD/30"]
[Site "San Francisco"]
[Date "2010.12.07"]
[Round "8.22"]
[White "Rakonitz, David"]
[Black "Drane, Robert"]
[Result "0-1"]
[WhiteElo "1347"]
[BlackElo "1872"]
[PlyCount "72"]
[EventDate "2010.??.??"]

1. d4 f5 2. Bg5 c6 3. e3 d6 4. Bd3 g6 5. Nf3 Nd7 6. c4 Qb6 7. Qc2 e5 8. dxe5
dxe5 9. Nfd2 Bg7 10. Nc3 Nc5 11. Nb3 Be6 12. Rd1 Nf6 13. O-O O-O-O 14. Be2 h6
15. Bxf6 Bxf6 16. Nxc5 Qxc5 17. b3 e4 18. Rb1 Qb4 19. Nxe4 fxe4 20. Qxe4 Bf5
21. Qf4 Bg5 22. Qe5 Rhe8 23. Qg7 Rd7 24. Qa1 Rd2 25. Rbe1 Red8 26. Bf3 Bd3 27.
Qg7 Bxf1 28. Rxf1 Qd6 29. Bg4+ Kb8 30. f4 Qf6 31. Qxf6 Bxf6 32. Be6 Rxa2 33. e4
Rdd2 34. Bh3 Bd4+ 35. Kh1 Rf2 36. Rxf2 Ra1+ 0-1

[Event "Mechanics' Fall TNM; 30/90, SD/30"]
[Site "San Francisco"]
[Date "2010.10.26"]
[Round "2.23"]
[White "Rakonitz, David"]
[Black "Mar, Henry"]
[Result "0-1"]
[WhiteElo "1347"]
[BlackElo "1556"]
[PlyCount "84"]
[EventDate "2010.??.??"]

1. d4 g6 2. Nf3 Bg7 3. c4 Nf6 4. Nc3 O-O 5. e4 d6 6. Bg5 h6 7. Bc1 b6 8. Be2
Ba6 9. b4 Bb7 10. Qc2 Nc6 11. Ba3 e6 12. Rd1 Nh5 13. c5 d5 14. e5 Nf4 15. O-O
g5 16. cxb6 axb6 17. Qb2 Re8 18. Bb5 Re7 19. Bxc6 Bxc6 20. b5 Re8 21. bxc6 Qc8
22. Bb4 Qa6 23. a3 f6 24. Rfe1 Nd3 25. Qe2 Nxe1 26. Qxa6 Nxf3+ 27. gxf3 Rxa6
28. Nb5 Rc8 29. Re1 Kf7 30. Kg2 f5 31. Kg3 f4+ 32. Kg2 Bf8 33. Bxf8 Kxf8 34.
Rd1 Ra5 35. Rb1 Ra4 36. Rb3 Rc4 37. Kh3 h5 38. Rd3 Ke8 39. Rc3 Rxc3 40. Nxc3
Ra8 41. Nb5 Kd8 42. Kg2 Ra5 0-1

[Event "Mechanics' Fall TNM; 30/90, SD/30"]
[Site "San Francisco"]
[Date "2010.11.23"]
[Round "6.23"]
[White "Rakonitz, David"]
[Black "Nelson, Christopher"]
[Result "1/2-1/2"]
[WhiteElo "1347"]
[BlackElo "1544"]
[PlyCount "95"]
[EventDate "2010.??.??"]

1. d4 f5 2. Bg5 Nf6 3. Bxf6 exf6 4. e3 d5 5. Bd3 Nc6 6. a3 Be6 7. Qf3 Be7 8.
Bxf5 Qd7 9. Bxe6 Qxe6 10. Ne2 O-O-O 11. Nbc3 g5 12. Ng3 Nxd4 13. Qd1 Nc6 14.
O-O d4 15. exd4 Nxd4 16. Qc1 Rhe8 17. Re1 Qc6 18. Nge2 Bc5 19. b4 Nxe2+ 20.
Nxe2 Bb6 21. c4 Bd4 22. Nxd4 Rxe1+ 23. Qxe1 Rxd4 24. c5 Qd7 25. h3 a6 26. Kh2
f5 27. Qc3 h5 28. Re1 Kb8 29. Re8+ Ka7 30. Re5 Rd3 31. Re7 Qxe7 32. Qxd3 Qe5+
33. Kg1 Qe1+ 34. Qf1 Qc3 35. Qe2 Qxa3 36. Qxh5 Qxb4 37. Qxg5 Qe1+ 38. Kh2 Qxf2
39. h4 Qxc5 40. Qf4 Qe7 41. Qg5 Qh7 42. h5 a5 43. Qg6 Qd7 44. h6 Qd3 45. h7 Qd4
46. Qg8 Qh4+ 47. Kg1 Qe1+ 48. Kh2 1/2-1/2

[Event "Mechanics' Fall TNM; 30/90, SD/30"]
[Site "San Francisco"]
[Date "2010.12.14"]
[Round "9.12"]
[White "Ramachandran, Jayakrishnan"]
[Black "Banik, Siddharth"]
[Result "1/2-1/2"]
[WhiteElo "1898"]
[BlackElo "1753"]
[PlyCount "61"]
[EventDate "2010.??.??"]

1. e4 c5 2. Nf3 Nc6 3. d4 cxd4 4. Nxd4 g6 5. Nc3 Bg7 6. Be3 Nf6 7. Be2 d5 8.
exd5 Nxd5 9. Nxd5 Qxd5 10. Bf3 Qc4 11. Nxc6 bxc6 12. Qd3 Qb4+ 13. c3 Qb7 14.
O-O O-O 15. b4 Bf5 16. Qc4 Rac8 17. a4 Rfd8 18. Rfd1 Rxd1+ 19. Rxd1 Bc2 20. Ra1
a5 21. Ra2 Bf5 22. Rd2 axb4 23. cxb4 Be6 24. Qc5 Bd5 25. Be2 Be5 26. b5 Bd6 27.
Qd4 e6 28. Rb2 Qc7 29. Qh4 cxb5 30. axb5 Qc3 31. Rb1 1/2-1/2